|
|
|
|
| LEADER |
00000nam0a2200000 4500 |
| 001 |
27950 |
| 005 |
20231030202514.0 |
| 010 |
|
|
|a 9856182247
|
| 035 |
|
|
|a (RuTPU)RU\TPU\book\28205
|
| 035 |
|
|
|a BOOK00028280
|
| 090 |
|
|
|a 27950
|
| 100 |
|
|
|a 20011209d2000 m y0rusy50 ca
|
| 101 |
0 |
|
|a rus
|
| 102 |
|
|
|a BY
|
| 105 |
|
|
|a y j 001zy
|
| 200 |
1 |
|
|a Практикум по решению пожарно-тактических задач
|e учебное пособие
|f М. Л. Григорович, В. К. Воробьев, Ю. Г. Тумарович
|
| 210 |
|
|
|a Минск
|c Дизайн ПРО
|d 1997
|
| 215 |
|
|
|a 175 с.
|
| 320 |
|
|
|a Библиогр.: с. 173.
|
| 610 |
1 |
|
|a пожарное дело
|
| 610 |
1 |
|
|a пожары
|
| 610 |
1 |
|
|a тушение
|
| 610 |
1 |
|
|a средства
|
| 610 |
1 |
|
|a пена
|
| 610 |
1 |
|
|a порошковые составы
|
| 610 |
1 |
|
|a пожарная техника
|
| 610 |
1 |
|
|a промышленные здания
|
| 610 |
1 |
|
|a практические пособия
|
| 610 |
1 |
|
|a учебные пособия
|
| 675 |
|
|
|a 614.842(07)
|v 3
|
| 700 |
|
1 |
|a Григорович
|b М. Л.
|g Михаил Леонидович
|
| 701 |
|
1 |
|a Воробьев
|b В. К.
|g Владимир Клавдиевич
|
| 701 |
|
1 |
|a Тумарович
|b Ю. Г.
|g Юрий Геннадьевич
|
| 801 |
|
0 |
|a BY
|b 63413507
|c 20011209
|g PSBO
|
| 801 |
|
2 |
|a RU
|b 63413507
|c 20060731
|g PSBO
|
| 942 |
|
|
|c BK
|